[Event "K41 Foraars EMT Mesterklassen 2009"]
[Site "Valby"]
[Date "2009.03.17"]
[Round "1"]
[White "Lofberg, Jan"]
[Black "Jorgensen, Kasper Moller"]
[Result "0-1"]
[WhiteElo "1879"]
[BlackElo "1938"]
[PlyCount "92"]
[EventDate "2009.??.??"]

1. e4 c5 2. b4 cxb4 3. a3 d5 4. exd5 Qxd5 5. Nf3 Bg4 6. Be2 Bxf3 7. gxf3 e6 8.
axb4 Bxb4 9. c3 Bd6 10. c4 Qc6 11. d4 Bb4+ 12. Kf1 Ne7 13. Rg1 O-O 14. h4 Qd6
15. Bb2 Qh2 16. Bd3 Ng6 17. Bxg6 hxg6 18. Ke2 Qxh4 19. Rg4 Qe7 20. Nd2 Nd7 21.
Qh1 Nf6 22. Rh4 Nh5 23. Rxh5 gxh5 24. Qxh5 Bxd2 25. Kxd2 Qf6 26. Ra5 Qh6+ 27.
f4 Qxh5 28. Rxh5 g6 29. Rh4 f6 30. Ba3 Rf7 31. d5 exd5 32. cxd5 Rd7 33. d6 Rad8
34. f5 Rxd6+ 35. Bxd6 Rxd6+ 36. Ke3 gxf5 37. Rc4 Re6+ 38. Kf3 Kf7 39. Rh4 Re7
40. Rf4 Ke6 41. Rb4 a6 42. Kf4 b5 43. f3 Rc7 44. Rb1 Rc4+ 45. Kg3 b4 46. Re1+
Kd5 0-1

[Event "K41 Foraars EMT Mesterklassen 2009"]
[Site "Valby"]
[Date "2009.03.17"]
[Round "1"]
[White "Nielsen, Michael"]
[Black "Helles, Morten Agervig"]
[Result "1-0"]
[WhiteElo "2074"]
[BlackElo "1818"]
[PlyCount "47"]
[EventDate "2009.??.??"]

1. e4 e6 2. d4 b6 3. c4 Bb7 4. Nc3 Bb4 5. Bd3 Ne7 6. Nge2 c5 7. d5 d6 8. dxe6
Bxc3+ 9. Nxc3 O-O 10. exf7+ Rxf7 11. O-O Ng6 12. f4 Qh4 13. Qf3 Nc6 14. Qg3 Qf6
15. Be3 Raf8 16. Rad1 Nd4 17. f5 Ne7 18. Bg5 Qe5 19. Bf4 Qf6 20. Bxd6 Nexf5 21.
exf5 Re8 22. Rde1 Rxe1 23. Rxe1 Nf3+ 24. gxf3 1-0

[Event "K41 Foraars EMT Mesterklassen 2009"]
[Site "Valby"]
[Date "2009.03.24"]
[Round "2"]
[White "Gjedde, Thomas"]
[Black "Helles, Morten Agervig"]
[Result "1/2-1/2"]
[WhiteElo "1963"]
[BlackElo "1818"]
[PlyCount "64"]
[EventDate "2009.??.??"]

1. d4 Nf6 2. c4 e6 3. Nf3 b6 4. g3 Ba6 5. Qc2 Bb4+ 6. Nbd2 O-O 7. Bg2 Bb7 8.
O-O d5 9. cxd5 Bxd5 10. a3 Be7 11. e4 Bb7 12. e5 Nd5 13. Ne4 h6 14. Nfd2 Nd7
15. Nc4 Ba6 16. Rd1 Rc8 17. b3 b5 18. Ne3 Bb7 19. Qe2 a6 20. Qg4 Kh8 21. b4
Nxe3 22. Bxe3 Bd5 23. Rac1 a5 24. Qh5 f5 25. exf6 Nxf6 26. Nxf6 Rxf6 27. Bf4
axb4 28. axb4 Rf5 29. Qg6 Rf6 30. Qh5 Rf5 31. Qg6 Rf6 32. Qh5 Rf5 1/2-1/2

[Event "K41 Foraars EMT Mesterklassen 2009"]
[Site "Valby"]
[Date "2009.03.24"]
[Round "2"]
[White "Jorgensen, Kasper Moller"]
[Black "Nielsen, Michael"]
[Result "1/2-1/2"]
[WhiteElo "1938"]
[BlackElo "2074"]
[PlyCount "117"]
[EventDate "2009.??.??"]

1. e4 e6 2. d4 d5 3. Nc3 dxe4 4. Nxe4 Nd7 5. Nf3 Ngf6 6. Bg5 Be7 7. Bxf6 Nxf6
8. Bd3 c5 9. Nxc5 Bxc5 10. dxc5 Qa5+ 11. Nd2 Qxc5 12. Qe2 Bd7 13. O-O-O Bc6 14.
Rhg1 O-O-O 15. Nc4 Rd5 16. Rge1 Rhd8 17. Ne5 Be8 18. f4 Kb8 19. g3 R5d6 20. Qe3
Qxe3+ 21. Rxe3 Nd5 22. Ree1 Nb4 23. Bc4 Rxd1+ 24. Rxd1 Rxd1+ 25. Kxd1 Kc7 26.
Kd2 Kd6 27. c3 Nd5 28. Kd3 f6 29. Nf3 e5 30. fxe5+ fxe5 31. Nh4 Bd7 32. Bxd5
Kxd5 33. c4+ Kc5 34. a3 a5 35. Kc3 a4 36. Nf3 Kd6 37. Ng5 Kc5 38. Nxh7 Be6 39.
Nf8 Bf5 40. h4 Kd6 41. h5 Bg4 42. Ng6 Bxh5 43. Nh4 Bg4 44. Ng2 Kc5 45. Kd3 Bf5+
46. Kc3 Be6 47. Ne3 e4 48. Nc2 Bxc4 49. Ne3 Be6 50. Nc2 b5 51. Ne3 Bc4 52. Nf5
g6 53. Ne3 Be2 54. Kd2 Bd3 55. Kc3 Bc4 56. Nc2 Bb3 57. Ne3 Be6 58. Nc2 Kd5 59.
Ne3+ 1/2-1/2

[Event "K41 Foraars EMT Mesterklassen 2009"]
[Site "Valby"]
[Date "2009.03.24"]
[Round "2"]
[White "Ottosen, Peder"]
[Black "Nielsen, Morten"]
[Result "1/2-1/2"]
[WhiteElo "2049"]
[BlackElo "1909"]
[PlyCount "88"]
[EventDate "2009.??.??"]

1. d4 Nf6 2. c4 c5 3. e3 cxd4 4. exd4 d5 5. Nc3 Nc6 6. Nf3 Bg4 7. cxd5 Nxd5 8.
Be2 e6 9. O-O Bb4 10. Ne4 Qb6 11. Neg5 h6 12. Ne4 Bxf3 13. Bxf3 Nxd4 14. Qa4+
Qc6 15. Qxc6+ Nxc6 16. a3 Be7 17. b3 f5 18. Ng3 Bf6 19. Ra2 O-O-O 20. Nh5 Nd4
21. Bd1 Nc3 22. Rd2 Nxd1 23. Rfxd1 Nxb3 24. Rxd8+ Rxd8 25. Rxd8+ Bxd8 26. Be3
g5 27. Ng7 Kd7 28. Bxa7 Bf6 29. Nh5 Bb2 30. a4 Kc6 31. f4 Bd4+ 32. Bxd4 Nxd4
33. Kf1 Kc5 34. fxg5 hxg5 35. g3 Kb4 36. Ng7 Kxa4 37. h4 gxh4 38. gxh4 Nf3 39.
Nxe6 Nxh4 40. Nc5+ Kb4 41. Nxb7 f4 42. Nd6 Kc3 43. Ne4+ Kd4 44. Ng5 Ke3 1/2-1/2

[Event "K41 Foraars EMT Mesterklassen 2009"]
[Site "Valby"]
[Date "2009.03.31"]
[Round "3"]
[White "Helles, Morten Agervig"]
[Black "Jorgensen, Kasper Moller"]
[Result "0-1"]
[WhiteElo "1818"]
[BlackElo "1938"]
[PlyCount "120"]
[EventDate "2009.??.??"]

1. b3 e5 2. Bb2 d6 3. d4 exd4 4. Qxd4 Nc6 5. Qf4 Qd7 6. g3 Qf5 7. Na3 Qxf4 8.
gxf4 Be6 9. Bg2 f5 10. Nf3 h6 11. Nb5 O-O-O 12. Nfd4 Nxd4 13. Nxd4 Bd7 14. Bh3
Ne7 15. a4 Rh7 16. Bg2 g5 17. Nb5 a6 18. Na3 gxf4 19. Rg1 Nc6 20. Nc4 Be6 21.
Rb1 Bxc4 22. bxc4 Bg7 23. Bxc6 bxc6 24. Rxg7 Rxg7 25. Bxg7 Rg8 26. Rb3 Rxg7 27.
Rh3 Rg1+ 28. Kd2 Ra1 29. Rxh6 Rxa4 30. Rh8+ Kd7 31. h4 Rxc4 32. h5 f3 33. e3
Rh4 34. h6 Rh2 35. Ke1 Rh1+ 36. Kd2 Rf1 37. Rg8 Rxf2+ 38. Ke1 Rh2 39. Rg7+ Kc8
40. h7 Kb7 41. Rf7 Kb6 42. Rxf5 Rxh7 43. Rxf3 Rh2 44. Kd1 c5 45. Rf8 c4 46. Rf4
Kc5 47. Rf7 c6 48. Rb7 c3 49. Rb3 Rd2+ 50. Kc1 Kc4 51. Ra3 Rh2 52. Kd1 Rd2+ 53.
Kc1 Re2 54. Kd1 Rxe3 55. Rxa6 Kc5 56. Ra5+ Kb4 57. Ra6 Kb5 58. Ra8 Rh3 59. Rg8
d5 60. Rb8+ Kc4 0-1

[Event "K41 Foraars EMT Mesterklassen 2009"]
[Site "Valby"]
[Date "2009.03.31"]
[Round "3"]
[White "Lofberg, Jan"]
[Black "Ottosen, Peder"]
[Result "0-1"]
[WhiteElo "1879"]
[BlackElo "2049"]
[PlyCount "60"]
[EventDate "2009.??.??"]

1. e4 c6 2. d4 d5 3. e5 Bf5 4. h4 Qb6 5. Nc3 Na6 6. g4 Bd7 7. a3 e6 8. b4 Nxb4
9. axb4 Bxb4 10. Qd3 f6 11. f4 Nh6 12. Be2 c5 13. dxc5 Bxc5 14. Nh3 fxe5 15.
fxe5 Nf7 16. Bf4 Rc8 17. Kd1 Bd4 18. Na4 Qb4 19. Qa3 Qa5 20. c3 Bxe5 21. Bxe5
Nxe5 22. Rf1 a6 23. Ng5 Nc4 24. Bxc4 Rxc4 25. Qd6 Bxa4+ 26. Ke2 Qc7 27. Qxc7
Rxc7 28. Rxa4 h6 29. Nf7 Rxf7 30. Rb1 O-O 0-1

[Event "K41 Foraars EMT Mesterklassen 2009"]
[Site "Valby"]
[Date "2009.03.31"]
[Round "3"]
[White "Nielsen, Michael"]
[Black "Sorensen, Dick"]
[Result "1/2-1/2"]
[WhiteElo "2074"]
[BlackElo "1831"]
[PlyCount "89"]
[EventDate "2009.??.??"]

1. e4 g6 2. Bc4 Bg7 3. Nc3 d6 4. Nge2 Nf6 5. d3 O-O 6. Be3 c6 7. Bb3 b5 8. a3
Bb7 9. Qd2 Ng4 10. Bg5 Qb6 11. Qf4 Nf6 12. O-O Nbd7 13. Bh6 c5 14. Bxg7 Kxg7
15. Ng3 e6 16. Rfd1 a5 17. a4 bxa4 18. Nxa4 Qc6 19. f3 Ne5 20. Qe3 Qc7 21. d4
cxd4 22. Qxd4 Rfd8 23. Rd2 Bc6 24. Qc3 Rac8 25. Ne2 Qa7+ 26. Qd4 Qa6 27. Nf4
Bxa4 28. Qxa4 Nc6 29. Rad1 Qb6+ 30. Kh1 e5 31. Nd5 Nxd5 32. Rxd5 Nd4 33. h3
Nxf3 34. gxf3 Qf2 35. R5d3 Qg3 36. f4 Qxf4 37. Bd5 Rb8 38. Qxa5 Rxb2 39. Qd2
Qh4 40. Qe3 Rxc2 41. Rf1 Rd7 42. Qf3 f6 43. Rc3 Rc7 44. Rxc7+ Rxc7 45. Qg4
1/2-1/2

[Event "K41 Foraars EMT Mesterklassen 2009"]
[Site "Valby"]
[Date "2009.03.31"]
[Round "3"]
[White "Nielsen, Morten"]
[Black "Gjedde, Thomas"]
[Result "1/2-1/2"]
[WhiteElo "1909"]
[BlackElo "1963"]
[PlyCount "52"]
[EventDate "2009.??.??"]

1. e4 e5 2. Bc4 Nf6 3. Nf3 Nc6 4. Ng5 d5 5. exd5 Na5 6. d3 h6 7. Nf3 e4 8. Qe2
Nxc4 9. dxc4 Bc5 10. Nfd2 O-O 11. Nb3 Bg4 12. Qf1 Bd6 13. Nc3 Bb4 14. Bd2 Re8
15. h3 e3 16. Bxe3 Ne4 17. a3 Bxc3+ 18. bxc3 Bh5 19. Qd3 Bg6 20. Qd4 Nd6 21.
Nd2 Bxc2 22. O-O Bg6 23. Rae1 Qd7 24. g4 h5 25. f3 hxg4 26. hxg4 f6 1/2-1/2

[Event "K41 Foraars EMT Mesterklassen 2009"]
[Site "Valby"]
[Date "2009.04.21"]
[Round "4"]
[White "Gjedde, Thomas"]
[Black "Jorgensen, Kasper Moller"]
[Result "1/2-1/2"]
[WhiteElo "1963"]
[BlackElo "1938"]
[PlyCount "42"]
[EventDate "2009.??.??"]

1. d4 Nf6 2. c4 c5 3. d5 e6 4. Nc3 exd5 5. cxd5 d6 6. e4 g6 7. Nf3 a6 8. a4 Bg4
9. Be2 Bxf3 10. Bxf3 Bg7 11. O-O O-O 12. g3 Nbd7 13. Bg2 Ne8 14. Be3 Nc7 15.
Qe2 Qb8 16. Bh3 Rd8 17. f4 b6 18. Bg2 Ra7 19. Bh3 Rb7 20. Bg2 Ra7 21. Bh3 Rb7
1/2-1/2

[Event "K41 Foraars EMT Mesterklassen 2009"]
[Site "Valby"]
[Date "2009.04.21"]
[Round "4"]
[White "Nielsen, Morten"]
[Black "Lofberg, Jan"]
[Result "1/2-1/2"]
[WhiteElo "1909"]
[BlackElo "1879"]
[PlyCount "45"]
[EventDate "2009.??.??"]

1. e4 e5 2. Bc4 Nf6 3. Nf3 Nxe4 4. Nc3 Nd6 5. Bb3 e4 6. Qe2 Nc6 7. O-O Be7 8.
Nxe4 Nxe4 9. Qxe4 O-O 10. Re1 Bf6 11. c3 d6 12. d4 Bd7 13. Bc2 g6 14. Bh6 Bg7
15. Bxg7 Kxg7 16. d5 Re8 17. Qf4 Ne7 18. Qd4+ f6 19. Ng5 Nxd5 20. Qxd5 fxg5 21.
Bb3 Bc6 22. Qf7+ Kh6 23. Rxe8 1/2-1/2

[Event "K41 Foraars EMT Mesterklassen 2009"]
[Site "Valby"]
[Date "2009.04.21"]
[Round "4"]
[White "Ottosen, Peder"]
[Black "Nielsen, Michael"]
[Result "1/2-1/2"]
[WhiteElo "2049"]
[BlackElo "2074"]
[PlyCount "54"]
[EventDate "2009.??.??"]

1. d4 Nf6 2. c4 c5 3. e3 g6 4. Nc3 Bg7 5. Nf3 O-O 6. Be2 cxd4 7. exd4 d5 8. Ne5
Nc6 9. cxd5 Nxd5 10. Nxc6 bxc6 11. O-O Qb6 12. Bf3 e6 13. Na4 Qxd4 14. Qc2 Ba6
15. Rd1 Qc4 16. Qxc4 Bxc4 17. Bg5 h6 18. Bd2 Rab8 19. b3 Bb5 20. Nc5 Bxa1 21.
Rxa1 Rb6 22. Bxh6 Rfb8 23. a4 Bc4 24. Nd7 Rxb3 25. Nxb8 Rxb8 26. Rc1 Rb4 27.
Bd1 Bb3 1/2-1/2

[Event "K41 Foraars EMT Mesterklassen 2009"]
[Site "Valby"]
[Date "2009.04.28"]
[Round "5"]
[White "Jorgensen, Kasper Moller"]
[Black "Sorensen, Dick"]
[Result "1-0"]
[WhiteElo "1938"]
[BlackElo "1831"]
[PlyCount "103"]
[EventDate "2009.??.??"]

1. e4 c5 2. Nf3 e6 3. d4 cxd4 4. Nxd4 a6 5. Nc3 Qc7 6. Bd3 Nc6 7. Be3 Nf6 8.
O-O d6 9. Nxc6 bxc6 10. a4 a5 11. Qe2 Be7 12. f4 O-O 13. Kh1 Bb7 14. f5 d5 15.
exd5 exd5 16. Bd4 Rfe8 17. Qf3 Rad8 18. Rae1 h6 19. Be5 Qc8 20. Ne2 Nh7 21. Nf4
Bf6 22. Bxf6 Nxf6 23. Nh5 Nxh5 24. Qxh5 Rxe1 25. Rxe1 Re8 26. Rf1 f6 27. Qd1
Re5 28. Qd2 c5 29. c3 Qe8 30. Bb5 Qh5 31. Qf2 c4 32. Qf4 Kh7 33. Bd7 Re2 34.
Be6 d4 35. Qb8 Bxg2+ 36. Kg1 Rxe6 37. fxe6 Bxf1 38. Kxf1 Qf3+ 39. Kg1 Qe3+ 40.
Kg2 Qxe6 41. cxd4 Qe4+ 42. Kf1 Qxd4 43. Qb5 Qf4+ 44. Ke1 Qe3+ 45. Kd1 Qd3+ 46.
Kc1 f5 47. Qxa5 f4 48. Qd2 f3 49. a5 f2 50. Qxf2 c3 51. Qc2 cxb2+ 52. Kxb2 1-0

[Event "K41 Foraars EMT Mesterklassen 2009"]
[Site "Valby"]
[Date "2009.04.28"]
[Round "5"]
[White "Lofberg, Jan"]
[Black "Gjedde, Thomas"]
[Result "0-1"]
[WhiteElo "1879"]
[BlackElo "1963"]
[PlyCount "50"]
[EventDate "2009.??.??"]

1. e4 e5 2. f4 d5 3. Nf3 dxe4 4. Nxe5 Bd6 5. Bc4 Bxe5 6. Qh5 Qe7 7. fxe5 g6 8.
Qe2 Qxe5 9. d4 Qe7 10. O-O f5 11. b3 Nf6 12. Ba3 Qd8 13. c3 Nbd7 14. Nd2 c6 15.
Bd3 Kf7 16. Bxe4 fxe4 17. Nxe4 Kg7 18. Nd6 Nb6 19. Rxf6 Qxf6 20. Ne8+ Rxe8 21.
Qxe8 Be6 22. Bf8+ Kg8 23. Be7+ Rxe8 24. Bxf6 Nd5 25. Re1 Nxf6 0-1

[Event "K41 Foraars EMT Mesterklassen 2009"]
[Site "Valby"]
[Date "2009.04.28"]
[Round "5"]
[White "Nielsen, Michael"]
[Black "Nielsen, Morten"]
[Result "1-0"]
[WhiteElo "2074"]
[BlackElo "1909"]
[PlyCount "57"]
[EventDate "2009.??.??"]

1. e4 Nf6 2. Nc3 Nc6 3. d4 e5 4. dxe5 Nxe5 5. Nf3 Nxf3+ 6. Qxf3 Bb4 7. Bg5 O-O
8. Bd3 Bxc3+ 9. bxc3 h6 10. Be3 Re8 11. O-O Qe7 12. Rae1 d6 13. Bd4 Nd7 14. Qe2
Nb6 15. c4 Qd7 16. Qd2 Qa4 17. Re3 Nxc4 18. Bxc4 Qxc4 19. Rc3 Qb4 20. Bxg7 Rxe4
21. Bxh6 Bf5 22. Rg3+ Bg6 23. Qd5 Re6 24. f4 Kh7 25. f5 Kxh6 26. fxe6 Qc5+ 27.
Qxc5 dxc5 28. exf7 Rf8 29. Rf6 1-0

[Event "K41 Foraars EMT Mesterklassen 2009"]
[Site "Valby"]
[Date "2009.05.05"]
[Round "6"]
[White "Gjedde, Thomas"]
[Black "Sorensen, Dick"]
[Result "1-0"]
[WhiteElo "1963"]
[BlackElo "1831"]
[PlyCount "123"]
[EventDate "2009.??.??"]

1. d4 Nf6 2. c4 e6 3. Nc3 d5 4. Nf3 Be7 5. Bf4 O-O 6. e3 h6 7. Bd3 dxc4 8. Bxc4
c5 9. O-O cxd4 10. exd4 Bd6 11. Ne5 a6 12. Qf3 Qe7 13. Rfe1 Nbd7 14. Rad1 Rd8
15. Ng6 fxg6 16. Rxe6 Qf7 17. Re8+ Rxe8 18. Bxf7+ Kxf7 19. Bxd6 Ra7 20. a4 b6
21. Qd3 Nf8 22. f3 Rd7 23. Qc4+ Ne6 24. Bg3 Bb7 25. d5 Nd8 26. d6+ Kf8 27. Qb4
Nh5 28. Qg4 Re6 29. Bh4 g5 30. Bxg5 hxg5 31. Qxh5 Nf7 32. Qg4 Rdxd6 33. Rxd6
Rxd6 34. Qb4 Kg8 35. h3 Kh8 36. Kf2 a5 37. Qc4 Rf6 38. Qc7 Bc6 39. Qb8+ Kh7 40.
Qc7 Nh6 41. Kg1 Nf5 42. Ne4 Bxe4 43. fxe4 Ne3 44. Qc1 Rf1+ 45. Qxf1 Nxf1 46.
Kxf1 Kg6 47. Ke2 Kf6 48. Ke3 Ke5 49. g4 Kd6 50. Kd4 Ke6 51. e5 Ke7 52. Kd5 Kd7
53. e6+ Kc7 54. Ke5 Kc6 55. b3 Kc7 56. Kd5 Kd8 57. Kd6 Ke8 58. e7 g6 59. Ke6 b5
60. axb5 a4 61. b6 axb3 62. b7 1-0

[Event "K41 Foraars EMT Mesterklassen 2009"]
[Site "Valby"]
[Date "2009.05.05"]
[Round "6"]
[White "Ottosen, Peder"]
[Black "Jorgensen, Kasper Moller"]
[Result "1-0"]
[WhiteElo "2049"]
[BlackElo "1938"]
[PlyCount "68"]
[EventDate "2009.??.??"]

1. d4 Nf6 2. c4 c5 3. e3 g6 4. Nc3 Bg7 5. Nf3 O-O 6. Be2 cxd4 7. exd4 d5 8. O-O
b6 9. Bf4 Bb7 10. Rc1 Nc6 11. c5 Nh5 12. Bg5 h6 13. Be3 bxc5 14. Na4 c4 15. Nc5
Bc8 16. b3 cxb3 17. Bb5 Na5 18. axb3 Bg4 19. h3 Bxf3 20. Qxf3 Nf6 21. Bf4 g5
22. Be5 Ne4 23. Nd7 Bxe5 24. dxe5 Rb8 25. Nxb8 Qxb8 26. Bd3 Qxe5 27. Rfe1 f5
28. Qd1 Nb7 29. Ba6 Nd8 30. f3 Qd6 31. fxe4 Qxa6 32. exf5 Rxf5 33. Rxe7 Qb6+
34. Kh1 Ne6 1-0

[Event "K41 Foraars EMT Mesterklassen 2009"]
[Site "Valby"]
[Date "2009.05.12"]
[Round "7"]
[White "Nielsen, Michael"]
[Black "Gjedde, Thomas"]
[Result "1/2-1/2"]
[WhiteElo "2074"]
[BlackElo "1963"]
[PlyCount "87"]
[EventDate "2009.??.??"]

1. e4 e5 2. Bc4 Nf6 3. Nc3 Nc6 4. d3 Na5 5. Bb3 Nxb3 6. axb3 Bc5 7. Qf3 d6 8.
h3 h6 9. Nge2 Be6 10. g4 d5 11. Bd2 d4 12. Nb1 Be7 13. Qg3 Nd7 14. Na3 Bg5 15.
Nc4 Bxc4 16. bxc4 Qe7 17. h4 Bxd2+ 18. Kxd2 Qb4+ 19. Kc1 b5 20. cxb5 Qxb5 21.
f4 f6 22. fxe5 fxe5 23. Rf1 Rf8 24. Rxf8+ Kxf8 25. g5 Qc6 26. Kd2 Ke7 27. Rf1
Qb6 28. b3 a5 29. gxh6 Qxh6+ 30. Qg5+ Qxg5+ 31. hxg5 a4 32. bxa4 Rxa4 33. Ng3
g6 34. Rh1 Nf8 35. Rb1 Ne6 36. Rb5 c5 37. Rb7+ Kd6 38. Rf7 Nxg5 39. Rf6+ Ne6
40. Rxg6 c4 41. Nf5+ Kd7 42. dxc4 Rxc4 43. Rh6 Ng5 44. Rd6+ 1/2-1/2

[Event "K41 Foraars EMT Mesterklassen 2009"]
[Site "Valby"]
[Date "2009.05.12"]
[Round "7"]
[White "Sorensen, Dick"]
[Black "Ottosen, Peder"]
[Result "0-1"]
[WhiteElo "1831"]
[BlackElo "2049"]
[PlyCount "62"]
[EventDate "2009.??.??"]

1. d4 d5 2. Nf3 Nf6 3. g3 c5 4. c3 Nc6 5. Bg2 e6 6. O-O Be7 7. Ne5 Qb6 8. e3
Ne4 9. Qg4 Nxe5 10. dxe5 Ng5 11. h4 h5 12. Qd1 Ne4 13. Bxe4 dxe4 14. Qa4+ Bd7
15. Qxe4 O-O-O 16. f4 Bc6 17. Qc2 c4 18. b3 Rd3 19. bxc4 Rhd8 20. Qb3 Rxe3 21.
Qxb6 Rxg3+ 22. Kf2 Rg2+ 23. Ke1 axb6 24. Be3 Bxh4+ 25. Bf2 Bxf2+ 26. Rxf2 Rxf2
27. Kxf2 Rd1 28. Ke2 Rg1 29. Kf2 Rc1 30. Ke3 h4 31. Kd2 Rg1 0-1